000 00929cam a22002534a 4500
001 12139079
005 20180221050513.0
008 000811s2000 vaua b 001 0 eng
010 _a 00010876
020 _a0871203871 (alk. paper)
040 _aDLC
_cDLC
_dDLC
041 _aeng
042 _apcc
080 _a370.152 SIL
082 0 0 _a370.152 SIL
_221
100 1 _a48
101 _aEDU
245 1 0 _aSo each may learn :
_cHarvey F. Silver, Richard W. Strong, Matthew J. Perini.
246 3 0 _aIntegrating learning styles and multiple intelligences
504 _aIncludes bibliographical references (p. 114-115) and index.
906 _a7
_bcbc
_corignew
_d1
_eecip
_f20
_gy-gencatlg
942 _2ddc
_cBK
999 _c43030
_d43030